000 00381nam a2200157Ia 4500
008 210210b1969 xxu||||| |||| 00| 0 eng d
082 _a531.12 PILS
100 _aPILLAY (T K Manicavachagam). Ed.5.
245 _aStatics.
250 _a
260 _aMadras
_bThe National Publishing Company
_c1969
300 _a846
650 _aStatics
690 _astatics
906 _a028072
999 _c79333
_d79333